[Event "UK Women's Blitz Championship"]
[Site "Leamington"]
[Date "2025.11.22"]
[Round "10.1"]
[White "Orlovska, Madara"]
[Black "Varney, Zoe"]
[Result "0-1"]
[WhiteElo "2052"]
[BlackElo "1931"]
[PlyCount "88"]
[EventDate "2025.11.22"]
[EventType "tourn (blitz)"]
[EventRounds "15"]
[EventCountry "GBR"]
[SourceTitle "BritBase"]
[Source "John Saunders"]
[SourceDate "2025.11.23"]
[SourceVersion "1"]
[SourceVersionDate "2025.11.23"]
[SourceQuality "1"]

1. d4 d5 2. Bf4 c5 3. e3 Nf6 4. Nf3 e6 5. c3 Bd6 6. Bg3 O-O 7. Nbd2 Qc7 8. Bd3 Nbd7 9. Qc2 e5 10. dxe5 Nxe5 11. Nxe5 Bxe5 12. Bxe5 Qxe5 13. O-O-O c4 14. Be2 Bf5 15. Qa4 Ne4 16. Nf3 Qc7 17. Rxd5 Be6 18. Rd4 Nxf2 19. Re1 Rfd8 20. Qb5 a6 21. Qg5 Rxd4 22. exd4 b5 23. h3 b4 24. Qe3 Nd3+ 25. Bxd3 cxd3 26. Qxd3 Rc8 27. Re3 Qf4 28. Kb1 Bf5 29. Kc2 Bxd3+ 30. Kxd3 Qf5+ 31. Kd2 bxc3+ 32. bxc3 Qa5 33. Ne5 Qxa2+ 34. Kd3 f6 35. Nd7 Qc4+ 36. Kd2 Qc6 37. Re7 Qxg2+ 38. Re2 Qc6 39. Re7 Qxc3+ 40. Ke2 Qc4+ 41. Ke3 Qb3+ 42. Ke4 Qc2+ 43. Kd5 Qc4+ 44. Kd6 Qc6# 0-1

[Event "UK Women's Blitz Championship"]
[Site "Leamington"]
[Date "2025.11.22"]
[Round "10.2"]
[White "Mirzoeva, Elmira"]
[Black "Barwick, Carmel J"]
[Result "1-0"]
[WhiteElo "2122"]
[BlackElo "1831"]
[PlyCount "65"]
[EventDate "2025.11.22"]
[EventType "tourn (blitz)"]
[EventRounds "15"]
[EventCountry "GBR"]
[SourceTitle "BritBase"]
[Source "John Saunders"]
[SourceDate "2025.11.23"]
[SourceVersion "1"]
[SourceVersionDate "2025.11.23"]
[SourceQuality "1"]

1. d4 Nf6 2. c4 e6 3. Nf3 Bb4+ 4. Nbd2 b6 5. a3 Bxd2+ 6. Qxd2 Bb7 7. e3 O-O 8. Be2 Ne4 9. Qc2 f5 10. O-O Rf6 11. Ne1 Rh6 12. g3 Ng5 13. f3 Qf6 14. b4 d6 15. Bb2 Qg6 16. d5 e5 17. Kg2 Bc8 18. f4 Ne4 19. Bf3 Nd7 20. Nd3 exf4 21. Nxf4 Qe8 22. Ne6 Ne5 23. Nxc7 Qd7 24. Nxa8 Nxf3 25. Rxf3 Ng5 26. Raf1 f4 27. gxf4 Nxf3 28. Rxf3 Rg6+ 29. Kh1 Qe7 30. Rg3 Rxg3 31. hxg3 Qxe3 32. Qc3 Qf2 33. Qxg7# 1-0

[Event "UK Women's Blitz Championship"]
[Site "Leamington"]
[Date "2025.11.22"]
[Round "10.3"]
[White "Hng, Mei-Xian Eunice"]
[Black "Hariharan, Shambavi"]
[Result "1-0"]
[WhiteElo "2000"]
[BlackElo "1978"]
[PlyCount "91"]
[EventDate "2025.11.22"]
[EventType "tourn (blitz)"]
[EventRounds "15"]
[EventCountry "GBR"]
[SourceTitle "BritBase"]
[Source "John Saunders"]
[SourceDate "2025.11.23"]
[SourceVersion "1"]
[SourceVersionDate "2025.11.23"]
[SourceQuality "1"]

1. e4 e5 2. Nf3 Nc6 3. Bb5 a6 4. Ba4 Nf6 5. O-O Be7 6. Re1 b5 7. Bb3 O-O 8. a4 Bb7 9. d3 d6 10. axb5 axb5 11. Rxa8 Qxa8 12. Na3 Na5 13. c3 b4 14. cxb4 Nxb3 15. Qxb3 d5 16. Nxe5 dxe4 17. dxe4 Bxe4 18. f3 Bd5 19. Qc3 Qb7 20. Nc2 Bd6 21. Bg5 Bxe5 22. Qxe5 Nd7 23. Qd4 Nb6 24. h3 Qc6 25. Ne3 Be6 26. Ng4 Nd7 27. Rc1 Qb5 28. Bf4 c6 29. Ra1 Bd5 30. Ra7 Nb6 31. Rb7 Qe2 32. Rxb6 Qe1+ 33. Kh2 h5 34. Ne3 Qh4 35. Nxd5 cxd5 36. Be3 Qd8 37. Rc6 Qb8+ 38. Bf4 Qb7 39. Qc5 Re8 40. Bg3 Qd7 41. Rc7 Qe6 42. Qc6 Qe2 43. Qd7 Rf8 44. Bd6 Qe3 45. Qf5 g6 46. Qf6 1-0

[Event "UK Women's Blitz Championship"]
[Site "Leamington"]
[Date "2025.11.22"]
[Round "10.4"]
[White "Sivanandan, Bodhana"]
[Black "Dicen, Elis Denele"]
[Result "1-0"]
[WhiteElo "2291"]
[BlackElo "2076"]
[PlyCount "123"]
[EventDate "2025.11.22"]
[EventType "tourn (blitz)"]
[EventRounds "15"]
[EventCountry "GBR"]
[SourceTitle "BritBase"]
[Source "John Saunders"]
[SourceDate "2025.11.23"]
[SourceVersion "1"]
[SourceVersionDate "2025.11.23"]
[SourceQuality "1"]

1. e4 c5 2. Nf3 e6 3. g3 Nc6 4. Bg2 Nf6 5. Nc3 Be7 6. O-O O-O 7. Re1 d6 8. d4 cxd4 9. Nxd4 Bd7 10. Nxc6 Bxc6 11. Be3 a6 12. a4 Qa5 13. Qd2 Qh5 14. Qe2 Qxe2 15. Rxe2 Rac8 16. a5 Nd7 17. Rd2 Ne5 18. b3 Ng4 19. Bd4 Rfd8 20. h3 Nf6 21. Rad1 d5 22. exd5 Nxd5 23. Nxd5 Bxd5 24. Bb6 Re8 25. Bxd5 exd5 26. Rxd5 Rxc2 27. Rd7 Bf6 28. Rxb7 Rb2 29. Rdd7 Rxb3 30. Rxf7 h6 31. Rfd7 Rb2 32. Ra7 Re1+ 33. Kg2 Ree2 34. Rxa6 Rb3 35. Ra8+ Kh7 36. Rf8 Be5 37. Rf3 Rbb2 38. Re7 Ra2 39. Rf5 Bb8 40. Rxe2 Rxe2 41. Rf7 Ra2 42. Bd4 h5 43. Rxg7+ Kh6 44. g4 h4 45. g5+ Kh5 46. Be3 Bg3 47. g6 Rxa5 48. fxg3 Ra2+ 49. Kf3 hxg3 50. Rh7+ Kxg6 51. Rh6+ Kg7 52. Rh4 Ra3 53. Rg4+ Kh7 54. Rxg3 Kh8 55. Kg4 Ra4+ 56. Bf4 Kh7 57. Rc3 Ra5 58. h4 Ra7 59. h5 Ra6 60. Rc7+ Kg8 61. h6 Kh8 62. Be5+ 1-0

[Event "UK Women's Blitz Championship"]
[Site "Leamington"]
[Date "2025.11.22"]
[Round "10.5"]
[White "Yuan, Alice"]
[Black "Karas, Eugenia"]
[Result "0-1"]
[WhiteElo "1586"]
[BlackElo "2019"]
[PlyCount "118"]
[EventDate "2025.11.22"]
[EventType "tourn (blitz)"]
[EventRounds "15"]
[EventCountry "GBR"]
[SourceTitle "BritBase"]
[Source "John Saunders"]
[SourceDate "2025.11.23"]
[SourceVersion "1"]
[SourceVersionDate "2025.11.23"]
[SourceQuality "1"]

1. d4 Nf6 2. Bf4 b6 3. Nc3 Bb7 4. Nf3 e6 5. e3 d5 6. Bd3 Be7 7. O-O O-O 8. Ne5 Nbd7 9. h3 Ne4 10. Nxe4 dxe4 11. Be2 c5 12. c3 Nxe5 13. Bxe5 Bd6 14. Bxd6 Qxd6 15. Rc1 Rfd8 16. Qc2 Rac8 17. Qa4 a6 18. Qd1 b5 19. b3 Qb6 20. a3 e5 21. dxc5 Qxc5 22. Qc2 Qxa3 23. Ra1 Qc5 24. Qb2 Qxc3 25. Qxc3 Rxc3 26. Rab1 Rd2 27. Bg4 g6 28. Rfd1 Rcc2 29. Rxd2 Rxd2 30. Kf1 Bd5 31. b4 Bc4+ 32. Kg1 h5 33. Bd1 Bd3 34. Rc1 Rb2 35. Rc5 Rb1 36. Kh2 Rxd1 37. Rxe5 Rb1 38. Re8+ Kg7 39. Ra8 Rxb4 40. Rxa6 Rb2 41. Rb6 Rxf2 42. Kg3 Re2 43. Kf4 Rxg2 44. Ke5 Rg3 45. Kf4 Rxh3 46. Rb7 Rf3+ 47. Ke5 h4 48. Kd4 h3 49. Kc3 h2 50. Kd4 h1=Q 51. Kc3 Qa1+ 52. Kb4 Qb2+ 53. Kc5 Qc3+ 54. Kd5 Rf5+ 55. Kd6 Qc5+ 56. Kd7 Rd5+ 57. Ke8 Qc8+ 58. Ke7 Qxb7+ 59. Ke8 Qd7# 0-1

[Event "UK Women's Blitz Championship"]
[Site "Leamington"]
[Date "2025.11.22"]
[Round "10.6"]
[White "Bahtiyorova, Nodirabegim"]
[Black "Pyun, Lindsay"]
[Result "1-0"]
[WhiteElo "1817"]
[BlackElo "1796"]
[PlyCount "103"]
[EventDate "2025.11.22"]
[EventType "tourn (blitz)"]
[EventRounds "15"]
[EventCountry "GBR"]
[SourceTitle "BritBase"]
[Source "John Saunders"]
[SourceDate "2025.11.23"]
[SourceVersion "1"]
[SourceVersionDate "2025.11.23"]
[SourceQuality "1"]

1. e4 e5 2. Nf3 Nc6 3. Bc4 Bc5 4. c3 Nf6 5. d3 d6 6. a4 a6 7. h3 Be6 8. Nbd2 O-O 9. O-O h6 10. b4 Ba7 11. Qb3 Bxc4 12. Nxc4 Re8 13. Re1 Ne7 14. Be3 Bxe3 15. fxe3 Qd7 16. Qc2 Ng6 17. Rad1 Rad8 18. Ncd2 d5 19. exd5 Nxd5 20. Ne4 b6 21. Ng3 Qe6 22. d4 e4 23. Nd2 f5 24. b5 a5 25. Qb3 Nge7 26. c4 Nb4 27. d5 Qe5 28. Ne2 Nd3 29. Rf1 Rf8 30. Nd4 Nc5 31. Qc2 Rd6 32. N2b3 Nxb3 33. Qxb3 Kh7 34. Rf2 g6 35. Rdf1 Ng8 36. Qb2 Nf6 37. Ne6 Rxe6 38. dxe6 Qxe6 39. Qd4 Qe7 40. Rd1 Re8 41. Rfd2 Kg7 42. Rc2 h5 43. c5 h4 44. cxb6 cxb6 45. Rc6 g5 46. Rdc1 Rd8 47. Qc3 Qe8 48. Rc7+ Kg6 49. Rc6 Rd3 50. Qxf6+ Kh7 51. Qh6+ Kg8 52. Rg6+ 1-0

[Event "UK Women's Blitz Championship"]
[Site "Leamington"]
[Date "2025.11.22"]
[Round "10.7"]
[White "Rida, Ruqayyah"]
[Black "Tamilselvan, Tara"]
[Result "1-0"]
[WhiteElo "2072"]
[BlackElo "1887"]
[PlyCount "121"]
[EventDate "2025.11.22"]
[EventType "tourn (blitz)"]
[EventRounds "15"]
[EventCountry "GBR"]
[SourceTitle "BritBase"]
[Source "John Saunders"]
[SourceDate "2025.11.23"]
[SourceVersion "1"]
[SourceVersionDate "2025.11.23"]
[SourceQuality "1"]

1. e4 e5 2. Nf3 Nf6 3. Nxe5 d6 4. Nf3 Nxe4 5. d4 d5 6. Bd3 Bd6 7. O-O O-O 8. c4 c6 9. Qc2 Na6 10. a3 Bg4 11. Bxe4 dxe4 12. Qxe4 Bxf3 13. Qxf3 Qh4 14. g3 Qxd4 15. Nd2 Rfe8 16. Rb1 Nc5 17. b4 Nd3 18. Rd1 Ne5 19. Qe4 Qxe4 20. Nxe4 Nf3+ 21. Kg2 Rxe4 22. Kxf3 Re6 23. c5 Bf8 24. Bf4 Rae8 25. Rd7 R6e7 26. Rbd1 h6 27. Rxe7 Bxe7 28. Rd7 b6 29. Bd6 Bxd6 30. Rxd6 bxc5 31. bxc5 Rc8 32. Rd7 a6 33. Ra7 Kf8 34. Rxa6 Ke7 35. Ke4 Ke6 36. Rb6 Rc7 37. a4 Ra7 38. Rxc6+ Kd7 39. Rd6+ Kc7 40. Rd4 Kc6 41. Rc4 f6 42. Kd4 Rd7+ 43. Kc3 Ra7 44. f4 g6 45. g4 g5 46. fxg5 hxg5 47. Kd4 Re7 48. Rb4 Rd7+ 49. Kc4 Re7 50. Rb6+ Kc7 51. Rxf6 Re4+ 52. Kb5 Rxg4 53. Rf7+ Kc8 54. a5 Rg1 55. a6 Rb1+ 56. Kc6 Kb8 57. Rb7+ Rxb7 58. axb7 g4 59. Kb6 g3 60. c6 g2 61. c7# 1-0

[Event "UK Women's Blitz Championship"]
[Site "Leamington"]
[Date "2025.11.22"]
[Round "10.8"]
[White "Hryshchenko, Kamila"]
[Black "Nguyen, Hong Nhung"]
[Result "1-0"]
[WhiteElo "2062"]
[BlackElo "2190"]
[PlyCount "75"]
[EventDate "2025.11.22"]
[EventType "tourn (blitz)"]
[EventRounds "15"]
[EventCountry "GBR"]
[SourceTitle "BritBase"]
[Source "John Saunders"]
[SourceDate "2025.11.23"]
[SourceVersion "1"]
[SourceVersionDate "2025.11.23"]
[SourceQuality "1"]

1. e4 c5 2. Nc3 e6 3. d3 Nc6 4. Be2 Nf6 5. f4 d5 6. e5 Ng8 7. Nf3 Be7 8. O-O Nh6 9. Kh1 Rb8 10. Bd2 b5 11. Qe1 b4 12. Nd1 O-O 13. Ne3 a5 14. Rg1 Nd4 15. Nxd4 cxd4 16. Ng4 Nf5 17. Bf3 Qc7 18. Rc1 Ba6 19. Nf2 Qb6 20. Bg4 Ne3 21. Bf3 Rbc8 22. Bxe3 dxe3 23. Ng4 d4 24. h3 a4 25. Qg3 Kh8 26. Be4 Rc7 27. c4 bxc3 28. bxc3 Qb2 29. f5 exf5 30. Bxf5 Rxc3 31. Rb1 Qxa2 32. Nf6 Bxf6 33. exf6 g6 34. Rb6 Bxd3 35. Bxd3 Rxd3 36. Qg5 Qa3 37. Qh6 Rg8 38. Rb8 1-0

[Event "UK Women's Blitz Championship"]
[Site "Leamington"]
[Date "2025.11.22"]
[Round "11.1"]
[White "Nguyen, Hong Nhung"]
[Black "Orlovska, Madara"]
[Result "0-1"]
[WhiteElo "2190"]
[BlackElo "2052"]
[PlyCount "96"]
[EventDate "2025.11.22"]
[EventType "tourn (blitz)"]
[EventRounds "15"]
[EventCountry "GBR"]
[SourceTitle "BritBase"]
[Source "John Saunders"]
[SourceDate "2025.11.23"]
[SourceVersion "1"]
[SourceVersionDate "2025.11.23"]
[SourceQuality "1"]

1. e4 c5 2. Nc3 a6 3. a4 b6 4. f4 Bb7 5. Nf3 e6 6. d3 Nc6 7. g3 g6 8. Bg2 Bg7 9. Be3 Nge7 10. O-O O-O 11. Bf2 d6 12. Qd2 Qc7 13. g4 f5 14. h3 Rad8 15. Nd1 d5 16. e5 d4 17. Bh4 Rd7 18. Ng5 Nd8 19. Bxb7 Qxb7 20. Qg2 Nd5 21. gxf5 gxf5 22. Kh2 Kh8 23. Rg1 Nxf4 24. Qd2 Bxe5 25. Bg3 Ng6 26. Bxe5+ Nxe5 27. Qf4 Ng6 28. Qg3 Qc7 29. Nf2 Qxg3+ 30. Rxg3 Nh4 31. Re1 Rf6 32. Kh1 h6 33. Nf3 Nxf3 34. Rxf3 Rg7 35. Ng4 Rfg6 36. Ne5 Rg2 37. c3 Rxb2 38. cxd4 cxd4 39. Rc1 Kh7 40. Rc8 Nf7 41. Nd7 Rgg2 42. Nf8+ Kg7 43. Nxe6+ Kf6 44. Nxd4 Rh2+ 45. Kg1 Rhg2+ 46. Kf1 Rh2 47. Rxf5+ Ke7 48. Ke1 Rb1+ 0-1

[Event "UK Women's Blitz Championship"]
[Site "Leamington"]
[Date "2025.11.22"]
[Round "11.2"]
[White "Tamilselvan, Tara"]
[Black "Hryshchenko, Kamila"]
[Result "0-1"]
[WhiteElo "1887"]
[BlackElo "2062"]
[PlyCount "74"]
[EventDate "2025.11.22"]
[EventType "tourn (blitz)"]
[EventRounds "15"]
[EventCountry "GBR"]
[SourceTitle "BritBase"]
[Source "John Saunders"]
[SourceDate "2025.11.23"]
[SourceVersion "1"]
[SourceVersionDate "2025.11.23"]
[SourceQuality "1"]

1. Nf3 d6 2. e4 g6 3. d4 Bg7 4. Bc4 e6 5. Nc3 Ne7 6. O-O h6 7. h3 a6 8. a4 b6 9. Bf4 O-O 10. Qd2 Kh7 11. Bd3 Bb7 12. Rfe1 Nd7 13. Qe3 e5 14. dxe5 dxe5 15. Bg3 f6 16. Rad1 Qe8 17. Nh2 Nc8 18. f4 Nd6 19. Nd5 Bxd5 20. exd5 exf4 21. Qxf4 Qf7 22. Ng4 h5 23. Ne3 Ne5 24. Qh4 Nxd3 25. Rxd3 g5 26. Qb4 a5 27. Qd2 Ne4 28. Qd1 Nxg3 29. Qf3 h4 30. Ng4 Rae8 31. Rde3 f5 32. Ne5 Bxe5 33. Rxe5 Rxe5 34. Rxe5 Re8 35. Qe3 Rxe5 36. Qxe5 Ne4 37. c4 Nc5 0-1

[Event "UK Women's Blitz Championship"]
[Site "Leamington"]
[Date "2025.11.22"]
[Round "11.3"]
[White "Pyun, Lindsay"]
[Black "Rida, Ruqayyah"]
[Result "0-1"]
[WhiteElo "1796"]
[BlackElo "2072"]
[PlyCount "100"]
[EventDate "2025.11.22"]
[EventType "tourn (blitz)"]
[EventRounds "15"]
[EventCountry "GBR"]
[SourceTitle "BritBase"]
[Source "John Saunders"]
[SourceDate "2025.11.23"]
[SourceVersion "1"]
[SourceVersionDate "2025.11.23"]
[SourceQuality "1"]

1. e4 e5 2. Nf3 Nc6 3. Bc4 Bc5 4. c3 Nf6 5. d4 exd4 6. cxd4 Bb4+ 7. Kf1 d5 8. exd5 Nxd5 9. Nc3 Bxc3 10. bxc3 O-O 11. Qd3 Be6 12. Ng5 g6 13. Nxe6 fxe6 14. g3 Qf6 15. f4 Rae8 16. Kg2 Nb6 17. Bb3 a5 18. a4 Kg7 19. Bd2 Ne7 20. Rae1 Ned5 21. Re5 Nd7 22. Re2 c5 23. Rhe1 cxd4 24. Bxd5 e5 25. cxd4 Qd6 26. Bf3 Nc5 27. fxe5 Nxd3 28. exd6 Nxe1+ 29. Kf2 Nxf3 30. Rxe8 Rxe8 31. Kxf3 Rd8 32. Bf4 Kf6 33. Be5+ Ke6 34. Ke4 Kd7 35. Kd5 Rc8 36. h4 Rc3 37. Bf4 Ra3 38. Kc5 Rxa4 39. Kb5 Rxd4 40. Kxa5 Rxd6 41. Bxd6 Kxd6 42. Kb6 Ke5 43. Kxb7 h5 44. Kc6 Kf5 45. Kd5 Kg4 46. Ke5 Kxg3 47. Kf6 Kxh4 48. Kxg6 Kg4 49. Kf6 h4 50. Ke5 h3 0-1

[Event "UK Women's Blitz Championship"]
[Site "Leamington"]
[Date "2025.11.22"]
[Round "11.4"]
[White "Karas, Eugenia"]
[Black "Bahtiyorova, Nodirabegim"]
[Result "1-0"]
[WhiteElo "2019"]
[BlackElo "1817"]
[PlyCount "71"]
[EventDate "2025.11.22"]
[EventType "tourn (blitz)"]
[EventRounds "15"]
[EventCountry "GBR"]
[SourceTitle "BritBase"]
[Source "John Saunders"]
[SourceDate "2025.11.23"]
[SourceVersion "1"]
[SourceVersionDate "2025.11.23"]
[SourceQuality "1"]

1. Nf3 Nf6 2. b3 d5 3. Bb2 Bf5 4. d3 e6 5. Nbd2 Be7 6. g3 Nbd7 7. Bg2 O-O 8. O-O h6 9. Re1 Re8 10. e4 dxe4 11. dxe4 Bh7 12. Qe2 Nc5 13. Ne5 c6 14. Rad1 Qc7 15. Ba1 Rad8 16. b4 Ncd7 17. Nd3 a5 18. c4 Rf8 19. a3 axb4 20. axb4 Ra8 21. e5 Ne8 22. Nb3 Nb6 23. Ndc5 Qc8 24. Bd4 Na4 25. Nxa4 Rxa4 26. Bc5 Bxc5 27. Nxc5 Rxb4 28. Nd7 Nc7 29. Nxf8 Qxf8 30. Qd2 Na6 31. Qd8 Rxc4 32. Bf1 Ra4 33. Bxa6 Rxa6 34. Qxf8+ Kxf8 35. Rd8+ Ke7 36. Red1 1-0

[Event "UK Women's Blitz Championship"]
[Site "Leamington"]
[Date "2025.11.22"]
[Round "11.5"]
[White "Dicen, Elis Denele"]
[Black "Yuan, Alice"]
[Result "1-0"]
[WhiteElo "2076"]
[BlackElo "1586"]
[PlyCount "53"]
[EventDate "2025.11.22"]
[EventType "tourn (blitz)"]
[EventRounds "15"]
[EventCountry "GBR"]
[SourceTitle "BritBase"]
[Source "John Saunders"]
[SourceDate "2025.11.23"]
[SourceVersion "1"]
[SourceVersionDate "2025.11.23"]
[SourceQuality "1"]

1. e4 e6 2. d4 d5 3. Nc3 dxe4 4. Nxe4 Nd7 5. Nf3 Ngf6 6. Nxf6+ Nxf6 7. g3 Be7 8. Bg2 Bd7 9. Ne5 c6 10. O-O O-O 11. b3 h6 12. Bb2 Bd6 13. Qe2 Bxe5 14. dxe5 Nd5 15. c4 Nb6 16. Rad1 Qc7 17. Ba3 Rfd8 18. Bd6 Qc8 19. Rd2 a6 20. a4 a5 21. Rfd1 c5 22. Qe3 Re8 23. Bxc5 Ra6 24. Bxb6 Re7 25. Bc5 Re8 26. Rxd7 Qb8 27. Bb6 1-0

[Event "UK Women's Blitz Championship"]
[Site "Leamington"]
[Date "2025.11.22"]
[Round "11.6"]
[White "Hariharan, Shambavi"]
[Black "Sivanandan, Bodhana"]
[Result "0-1"]
[WhiteElo "1978"]
[BlackElo "2291"]
[PlyCount "90"]
[EventDate "2025.11.22"]
[EventType "tourn (blitz)"]
[EventRounds "15"]
[EventCountry "GBR"]
[SourceTitle "BritBase"]
[Source "John Saunders"]
[SourceDate "2025.11.23"]
[SourceVersion "1"]
[SourceVersionDate "2025.11.23"]
[SourceQuality "1"]

1. d4 d5 2. c4 c6 3. e3 Nf6 4. Nc3 e6 5. Nf3 Nbd7 6. cxd5 exd5 7. Bd3 Bd6 8. O-O O-O 9. Qc2 Re8 10. Rb1 Qe7 11. Nh4 Nf8 12. Nf3 Ne4 13. a3 Bf5 14. b4 Nxc3 15. Qxc3 Bxd3 16. Qxd3 a6 17. Bd2 Ne6 18. a4 Nc7 19. Rfc1 h6 20. Bc3 Qe4 21. Qxe4 dxe4 22. Nd2 Nd5 23. Nc4 Bf8 24. Na5 Re7 25. Bd2 Rd7 26. b5 cxb5 27. axb5 b6 28. Nc4 a5 29. f3 f5 30. Ne5 Rc7 31. Rxc7 Nxc7 32. Nd7 Nd5 33. fxe4 fxe4 34. Rc1 a4 35. Ne5 a3 36. Nc6 Bd6 37. g3 Ra4 38. Kf2 Kf7 39. Ke2 Ke6 40. Nd8+ Kd7 41. Nc6 Bb4 42. Bxb4 Nxb4 43. Nxb4 Rxb4 44. Ra1 Rb2+ 45. Kf1 a2 0-1

[Event "UK Women's Blitz Championship"]
[Site "Leamington"]
[Date "2025.11.22"]
[Round "11.7"]
[White "Barwick, Carmel J"]
[Black "Hng, Mei-Xian Eunice"]
[Result "0-1"]
[WhiteElo "1831"]
[BlackElo "2000"]
[PlyCount "84"]
[EventDate "2025.11.22"]
[EventType "tourn (blitz)"]
[EventRounds "15"]
[EventCountry "GBR"]
[SourceTitle "BritBase"]
[Source "John Saunders"]
[SourceDate "2025.11.23"]
[SourceVersion "1"]
[SourceVersionDate "2025.11.23"]
[SourceQuality "1"]

1. e4 d6 2. d4 Nf6 3. Bd3 c6 4. Nf3 e5 5. c3 Nbd7 6. O-O Be7 7. Re1 O-O 8. h3 Qc7 9. Be3 Re8 10. a4 Nf8 11. Nbd2 b6 12. Nf1 Ng6 13. Bc2 Bf8 14. Bg5 Nh5 15. Kh2 Nhf4 16. Bxf4 Nxf4 17. Ne3 g6 18. Bb3 Be6 19. Bxe6 Nxe6 20. g3 Bg7 21. d5 Nc5 22. Nc2 Rf8 23. Nb4 cxd5 24. Nxd5 Qd7 25. b4 Ne6 26. a5 b5 27. Qd3 Rab8 28. Qe3 Kh8 29. Red1 f5 30. exf5 Rxf5 31. Qe4 Rbf8 32. Rd3 Qf7 33. Kg2 Bh6 34. g4 Ng5 35. Nxg5 Rxf2+ 36. Kg3 Bxg5 37. Re1 Qg7 38. Re2 Rf1 39. Rf3 R1xf3+ 40. Qxf3 Rxf3+ 41. Kxf3 Qf7+ 42. Kg2 Qxd5+ 0-1

[Event "UK Women's Blitz Championship"]
[Site "Leamington"]
[Date "2025.11.22"]
[Round "11.8"]
[White "Varney, Zoe"]
[Black "Mirzoeva, Elmira"]
[Result "0-1"]
[WhiteElo "1931"]
[BlackElo "2122"]
[PlyCount "47"]
[EventDate "2025.11.22"]
[EventType "tourn (blitz)"]
[EventRounds "15"]
[EventCountry "GBR"]
[SourceTitle "BritBase"]
[Source "John Saunders"]
[SourceDate "2025.11.23"]
[SourceVersion "1"]
[SourceVersionDate "2025.11.23"]
[SourceQuality "1"]

1. e4 c6 2. d4 d5 3. e5 Bf5 4. h4 a6 5. h5 h6 6. Ne2 e6 7. Nf4 c5 8. c3 Nc6 9. Bd3 Bxd3 10. Qxd3 cxd4 11. cxd4 Qb6 12. Ne2 Nge7 13. Nd2 Nf5 14. Nf3 Bb4+ 15. Bd2 Rc8 16. Rc1 O-O 17. O-O Bxd2 18. Qxd2 Qb4 19. Rc3 Qe7 20. Rfc1 Na7 21. Qf4 Rxc3 22. Rxc3 Nc6 23. g4 Nh4 24. Nxh4 0-1

[Event "UK Women's Blitz Championship"]
[Site "Leamington"]
[Date "2025.11.22"]
[Round "12.1"]
[White "Orlovska, Madara"]
[Black "Mirzoeva, Elmira"]
[Result "0-1"]
[WhiteElo "2052"]
[BlackElo "2122"]
[PlyCount "92"]
[EventDate "2025.11.22"]
[EventType "tourn (blitz)"]
[EventRounds "15"]
[EventCountry "GBR"]
[SourceTitle "BritBase"]
[Source "John Saunders"]
[SourceDate "2025.11.23"]
[SourceVersion "1"]
[SourceVersionDate "2025.11.23"]
[SourceQuality "1"]

1. d4 d6 2. e4 Nf6 3. Nc3 e5 4. d5 Be7 5. f3 c6 6. dxc6 Nxc6 7. Be3 Be6 8. Qd2 d5 9. exd5 Nxd5 10. Nxd5 Qxd5 11. Qxd5 Bxd5 12. a3 f5 13. O-O-O Be6 14. Bb5 Kf7 15. Nh3 h6 16. Rhe1 a6 17. Bxc6 bxc6 18. Bd2 g5 19. Bc3 g4 20. fxg4 fxg4 21. Nf2 Ba2 22. Rxe5 Bd5 23. Rde1 Rhe8 24. Nxg4 Bg5+ 25. Kb1 Bxg2 26. Rg1 Bd5 27. Rf1+ Kg6 28. Rxe8 Rxe8 29. Ne5+ Kh5 30. Nd3 Re2 31. h3 Kh4 32. Nf4 Bxf4 33. Rxf4+ Kxh3 34. Rf6 h5 35. Rh6 h4 36. b3 Kg4 37. Bf6 h3 38. c4 Be4+ 39. Kc1 h2 40. Kd1 Ra2 41. Rh4+ Kg3 42. Rxe4 h1=Q+ 43. Re1 Qf3+ 44. Kc1 Qxf6 45. Rg1+ Kf2 46. Rd1 Qb2# 0-1

[Event "UK Women's Blitz Championship"]
[Site "Leamington"]
[Date "2025.11.22"]
[Round "12.2"]
[White "Hng, Mei-Xian Eunice"]
[Black "Varney, Zoe"]
[Result "1-0"]
[WhiteElo "2000"]
[BlackElo "1931"]
[PlyCount "38"]
[EventDate "2025.11.22"]
[EventType "tourn (blitz)"]
[EventRounds "15"]
[EventCountry "GBR"]
[SourceTitle "BritBase"]
[Source "John Saunders"]
[SourceDate "2025.11.23"]
[SourceVersion "1"]
[SourceVersionDate "2025.11.23"]
[SourceQuality "1"]

1. e4 e5 2. Nf3 Nc6 3. Bb5 Nf6 4. O-O Nxe4 5. Re1 Nd6 6. Bxc6 dxc6 7. Nxe5 Be7 8. Qe2 Be6 9. d3 Bf6 10. Nxf7 Nxf7 11. Qxe6+ Qe7 12. Qxe7+ Bxe7 13. Bf4 Kd7 14. Nd2 Rae8 15. h3 Rhf8 16. Nc4 Nd6 17. Ne5+ Kc8 18. Bd2 Bh4 19. Nf3 Bf6 1-0

[Event "UK Women's Blitz Championship"]
[Site "Leamington"]
[Date "2025.11.22"]
[Round "12.3"]
[White "Sivanandan, Bodhana"]
[Black "Barwick, Carmel J"]
[Result "1-0"]
[WhiteElo "2291"]
[BlackElo "1831"]
[PlyCount "43"]
[EventDate "2025.11.22"]
[EventType "tourn (blitz)"]
[EventRounds "15"]
[EventCountry "GBR"]
[SourceTitle "BritBase"]
[Source "John Saunders"]
[SourceDate "2025.11.23"]
[SourceVersion "1"]
[SourceVersionDate "2025.11.23"]
[SourceQuality "1"]

1. e4 g6 2. d4 Bg7 3. Nc3 a6 4. Be3 b5 5. a4 b4 6. Na2 a5 7. c3 bxc3 8. Nxc3 d6 9. Nf3 Nf6 10. Bc4 O-O 11. O-O Ng4 12. Bg5 Nd7 13. h3 Ngf6 14. e5 Ne8 15. e6 Nb6 16. exf7+ Rxf7 17. Bxf7+ Kxf7 18. Re1 h6 19. Bxe7 Qd7 20. Bh4 Nf6 21. Qb3+ d5 22. Ne5+ 1-0

[Event "UK Women's Blitz Championship"]
[Site "Leamington"]
[Date "2025.11.22"]
[Round "12.4"]
[White "Yuan, Alice"]
[Black "Hariharan, Shambavi"]
[Result "0-1"]
[WhiteElo "1586"]
[BlackElo "1978"]
[PlyCount "68"]
[EventDate "2025.11.22"]
[EventType "tourn (blitz)"]
[EventRounds "15"]
[EventCountry "GBR"]
[SourceTitle "BritBase"]
[Source "John Saunders"]
[SourceDate "2025.11.23"]
[SourceVersion "1"]
[SourceVersionDate "2025.11.23"]
[SourceQuality "1"]

1. d4 Nf6 2. Bf4 e6 3. Nf3 c5 4. e3 Qb6 5. Nc3 Nc6 6. Nb5 Nd5 7. Bg3 a6 8. Nd6+ Bxd6 9. Bxd6 cxd4 10. exd4 Qxb2 11. Bc4 Qc3+ 12. Nd2 Nxd4 13. Bxd5 Nxc2+ 14. Kf1 Nxa1 15. Bf3 Qd3+ 16. Kg1 Qxd6 17. Qxa1 Qxd2 18. h3 O-O 19. Kh2 Qf4+ 20. Kg1 d5 21. Rh2 Bd7 22. Kh1 Rac8 23. g3 Rc1+ 24. Qxc1 Qxc1+ 25. Kg2 d4 26. Rh1 Qc3 27. Rb1 d3 28. Rxb7 Bc6 29. Bxc6 Qxc6+ 30. Kh2 Qxb7 31. Kg1 Qf3 32. Kh2 d2 33. h4 d1=Q 34. Kh3 Qdh1# 0-1